Nové prístupy manažmentu v digitálnej ekonomike

Na minha lista:
Detalhes bibliográficos
Autor principal: Štofková, Jana
Outros Autores: Repková Štofková, Katarína, Šoltés, Viktor
Formato: Livro
Idioma:eslovaco
Publicado em: Žilina Žilinská univerzita v Žiline/EDIS-vydavateľstvo UNIZA 2021
Edição:1. vydanie
Assuntos:
Tags: Adicionar Tag
Sem tags, seja o primeiro a adicionar uma tag!

MARC

LEADER 00000nam a2200000 4500
001 0300048
005 20240522075835.9
020 |a 978-80-554-1838-4 
041 0 |a slo 
044 |a SK 
245 1 0 |a Nové prístupy manažmentu v digitálnej ekonomike  |c Jana Štofková a kol. 
250 |a 1. vydanie 
264 1 |a Žilina  |b Žilinská univerzita v Žiline/EDIS-vydavateľstvo UNIZA  |c 2021 
300 |a 234 s. 
610 2 0 |a manažment 
610 2 0 |a ekonomika digitálna 
610 2 0 |a ekonomika znalostná 
610 2 0 |a bezpečnosť informačná 
610 2 0 |a manažment strategický 
610 2 0 |a konkurencieschopnosť 
610 2 0 |a manažment znalostný 
100 1 |a Štofková, Jana 
700 1 |a Repková Štofková, Katarína 
700 1 |a Šoltés, Viktor